| 000 | 00547cam a2200169 a 4500 | ||
|---|---|---|---|
| 020 | _a9693507177 | ||
| 082 | 0 | 0 |
_a954.91 _bKHA |
| 100 | 1 |
_aKhan, Ahmad Nabi. _945700 |
|
| 245 | 1 | 0 |
_aStudies in Islamic archaeology of Pakistan / _cAhmad Nabi Khan. |
| 260 |
_aLahore : _bSang-e-Meel Publications, _c1997. |
||
| 300 |
_a211 p. : _bill. (some col.), map, _c24 cm. |
||
| 526 |
_a0 _b0 _c0 _d954_910000000000000_KHA |
||
| 650 | 0 |
_aArchitecture _zPakistan. _95510 |
|
| 650 | 0 |
_aIslamic architecture _zPakistan. _945702 |
|
| 650 | 0 |
_aMCE _9379 |
|
| 942 |
_2ddc _cBK |
||
| 999 |
_c549712 _d549712 |
||